Cairo of the Mamluks : (Record no. 60591)
[ view plain ]
| 000 -الفاتح | |
|---|---|
| حقل البيانات ثابتة الطول | 01765nam a22002777a 4500 |
| 005 - وقت وتاريخ اخر تعامل مع التسجيلة | |
| رقم الضبط | 20240530110418.0 |
| 008 - عناصر البيانات ثابتة الطول - معلومات عامة | |
| حقل البيانات ثابتة الطول | 150309s2007 ua beoaf b 001 0 eng d |
| 020 ## - الرقم الدولى المعيارى للكتب | |
| الرقم الدولى المعيارى للكتاب | 9789774160776 |
| 020 ## - الرقم الدولى المعيارى للكتب | |
| الرقم الدولى المعيارى للكتاب | 9774160770 |
| 040 ## - مصدر الفهرسة | |
| وكالة الفهرسة الأصلية | EG-CaGPL |
| وكالة النسخ | EG-CaGPL |
| 082 04 - رقم تصنيف ديوى العشرى | |
| رقم الطبعة | 21 |
| رقم التصنيف | 726.2 |
| رقم المادة | CC/D C |
| 100 0# - المدخل الرئيسى - إسم شخصى | |
| الإسم الشخصى | Doris Behrens-Abouseif |
| 245 10 - بيان العنوان | |
| العنوان | Cairo of the Mamluks : |
| بقية العنوان | A history of the architecture and its culture / |
| بيان المسئوليه,etc | Doris Behrens-Abouseif |
| 260 ## - PUBLICATION, DISTRIBUTION, ETC. (IMPRINT) | |
| تاريخ النشر أو التوزيع | .2007 |
| 300 ## - الوصف المادى | |
| التعداد | xix, 359 p. : |
| تفاصيل ماديه اخرى للوعاء | ill. (some col.), maps ; |
| أبعاد الوعاء | 30 cm. |
| 504 ## - تبصرة ببليوجرافية | |
| تبصرة ببليوجرافية,الخ | Includes bibliographical references (p. 337-345) and index. |
| 650 #0 - المدخل الاضافى بالموضوع-مصطلح موضوعى | |
| مصطلح موضوعي | Islamic architecture |
| التقسيم الفرعي الجغرافي | Egypt |
| 650 #0 - المدخل الاضافى بالموضوع-مصطلح موضوعى | |
| مصطلح موضوعي | Islamic architecture |
| 650 #0 - المدخل الاضافى بالموضوع-مصطلح موضوعى | |
| مصطلح موضوعي | Architecture, Mameluke |
| التقسيم الفرعي الجغرافي | Egypt |
| 650 #0 - المدخل الاضافى بالموضوع-مصطلح موضوعى | |
| مصطلح موضوعي | Mosques |
| التقسيم الفرعي الجغرافي | Egypt |
| 650 #0 - المدخل الاضافى بالموضوع-مصطلح موضوعى | |
| مصطلح موضوعي | Tombs |
| التقسيم الفرعي الجغرافي | Egypt |
| 942 ## - عناصر المدخل الإضافي( كوها) | |
| مصدر التصنيف او مخطط الترفيف | Dewey Decimal Classification |
| Koha [default] item type | كتاب |
| 260 ## - PUBLICATION, DISTRIBUTION, ETC. (IMPRINT) | |
| -- | Cairo : |
| -- | The American University in Cairo Press, |
| 505 0# - تبصرة محتويات-الفهرس | |
| تبصرة المحتويات المصاغة | The Mamluk Sultanate (1250-1517) -- Pious patronage -- Motivation and perception of monumental patronage -- The patronage of the civilian elite -- Ceremonial culture -- Treasures, status and style -- Construction : organization and cost -- The growth of the Metropolis -- The Metropolitan architectural style -- The evolution of Mamluk architecture in Cairo -- The successors of the Ayyubids -- The reign of al-Zahir Baybars -- From al-Mansur Qalawun to al-Nasir Muhammad -- The early period of al-Nasir Muhammad's reign -- Al-Nasir Muhammad's Third Reign and after -- The reign of al-Nasir Hasan and after -- The reign of al-Nasir Faraj Ibn Barquq -- The reign of al-Mu'ayyad Shaykh -- The reign of al-Ashraf Barsbay -- The reign of al-Zahir Jaqmaq -- The reign of al-Ashraf Inal -- The reign of al-Ashraf Qaytbay -- The reign of al-Ashraf Qansuh al-Ghawri. |
| حالة التراجع | حالة الفقد | مصدر التصنيف او خطة الترفيف | حالة تلف | ليس للاعارة | المكان المؤقت | الموقع الحالى | تاريخ الاكتساب | اجمالي اﻻعارات | رقم الطلب | الباركود | تاريخ اخر مشاهدة | تاريخ تفعيل السعر | نوع وعاء كوها |
|---|---|---|---|---|---|---|---|---|---|---|---|---|---|
| ddc | مكتبة القاهرة الكبرى | مكتبة القاهرة الكبرى | 03/09/2015 | 21 CC/A C | 159688 | 03/09/2015 | 03/09/2015 | كتاب |

